000 00653nam a2200205Ii 4500
003 JO-AjNU
008 230605s9999||||xx |||||||||||||| ||und||
040 _aJO-AjNU
_bara
_erda
_cJO-AjNU
041 _aara
050 1 4 _aPJ7860.A8268 1980
100 3 _aعطوي، فوزي,
_eauthor
_952793
245 0 0 _aالموج في جزيرة العيون: شعر
250 _aط1
264 3 1 _aبيروت: دار الرازي، 1980
300 _a95ص
336 _atext
_btxt
_2rdacontent
337 _aunmediated
_bn
_2rdamedia
338 _avolume
_bnc
_2rdacarrier
650 4 _aالادب العربي - الشعر الحديث - القرن 21
_952794
999 _aA23407
_c26975
_d26975